00435nam a2200145Ia 4500100003200000942000700032654001200039245003400051260003200085082001400117300000800131546001200139999001700151952012100168 aHill/ F.J./ Peterson/ G.R.  cBK adigital aDigital logic Microprocessors bJohn WileyaNew Yorkc1984 a4.16bPAN a448 aENGLISH c24445d24445 001040708CRCaCRCEbCRCEd2023-03-17eglobal booksg297.60l0o4.16 PANp7071r2023-03-17v297.60w0000-00-00yBK